<?xml version="1.0" encoding="UTF-8"?>
<record
    xmlns:xsi="http://www.w3.org/2001/XMLSchema-instance"
    xsi:schemaLocation="http://www.loc.gov/MARC21/slim http://www.loc.gov/standards/marcxml/schema/MARC21slim.xsd"
    xmlns="http://www.loc.gov/MARC21/slim">

  <leader>01315nam a22001937a 4500</leader>
  <controlfield tag="001">10093</controlfield>
  <controlfield tag="003">FISKH</controlfield>
  <controlfield tag="005">20260408094628.0</controlfield>
  <controlfield tag="008">260408b        cb ||||| |||| 00| 0 eng d</controlfield>
  <datafield tag="040" ind1=" " ind2=" ">
    <subfield code="a">FISKH</subfield>
    <subfield code="b">chi</subfield>
    <subfield code="c">FISKH</subfield>
    <subfield code="d">FISKH</subfield>
  </datafield>
  <datafield tag="082" ind1=" " ind2=" ">
    <subfield code="a">599</subfield>
  </datafield>
  <datafield tag="100" ind1=" " ind2=" ">
    <subfield code="a">&#x5B59;&#x84D3;</subfield>
  </datafield>
  <datafield tag="245" ind1=" " ind2=" ">
    <subfield code="a">&#x5C0F;&#x72D7;&#x7259;&#x7259;&#x627E;&#x8774;&#x8776;/</subfield>
    <subfield code="c">By &#x5B59;&#x84D3;</subfield>
  </datafield>
  <datafield tag="300" ind1=" " ind2=" ">
    <subfield code="a">20 pages :</subfield>
    <subfield code="b">color illustrations ; </subfield>
    <subfield code="c">21 cm . </subfield>
  </datafield>
  <datafield tag="520" ind1=" " ind2=" ">
    <subfield code="a">&#x300A;&#x5C0F;&#x72D7;&#x7259;&#x7259;&#x627E;&#x8774;&#x8776;&#x300B;&#x662F;&#x4E00;&#x672C;&#x5152;&#x7AE5;&#x6F22;&#x8A9E;&#x5206;&#x7D1A;&#x8B80;&#x7269;&#xFF08;&#x5C6C;&#x65BC;&#x300A;&#x5C0F;&#x7F8A;&#x4E0A;&#x5C71;&#x300B;&#x7CFB;&#x5217;&#x7B2C;2&#x7D1A;&#xFF09;&#x4E2D;&#x7684;&#x5716;&#x756B;&#x6545;&#x4E8B;&#x66F8;&#x3002;&#x6545;&#x4E8B;&#x8B1B;&#x8FF0;&#x4E86;&#x4E00;&#x96BB;&#x6D3B;&#x6F51;&#x3001;&#x53EF;&#x611B;&#x7684;&#x5C0F;&#x72D7;&#x7259;&#x7259;&#x8207;&#x4E00;&#x96BB;&#x7F8E;&#x9E97;&#x82B1;&#x8774;&#x8776;&#x4E4B;&#x9593;&#x7684;&#x7D93;&#x6B77;&#x548C;&#x53CB;&#x8ABC;&#x3002;

&#x5728;&#x4E00;&#x500B;&#x967D;&#x5149;&#x660E;&#x5A9A;&#x7684;&#x65E5;&#x5B50;&#x88E1;&#xFF0C;&#x7259;&#x7259;&#x770B;&#x5230;&#x4E86;&#x4E00;&#x96BB;&#x8272;&#x5F69;&#x6591;&#x6595;&#x7684;&#x8774;&#x8776;&#xFF0C;&#x7260;&#x5C0D;&#x8774;&#x8776;&#x5341;&#x5206;&#x597D;&#x5947;&#x4E26;&#x60F3;&#x548C;&#x5B83;&#x505A;&#x670B;&#x53CB;&#x3002;&#x7259;&#x7259;&#x8DDF;&#x8457;&#x8774;&#x8776;&#x8DD1;&#x4F86;&#x8DD1;&#x53BB;&#xFF0C;&#x4F46;&#x4E2D;&#x9014;&#x9047;&#x5230;&#x56F0;&#x96E3;&#xFF08;&#x4F8B;&#x5982;&#x53EF;&#x80FD;&#x8FF7;&#x8DEF;&#x6216;&#x66AB;&#x6642;&#x627E;&#x4E0D;&#x5230;&#x8774;&#x8776;&#xFF09;&#xFF0C;&#x4E26;&#x5F9E;&#x8EAB;&#x908A;&#x7684;&#x670B;&#x53CB;&#xFF08;&#x5982;&#x725B;&#x723A;&#x723A;&#xFF09;&#x90A3;&#x88E1;&#x5B78;&#x5230;&#x4E00;&#x4E9B;&#x95DC;&#x65BC;&#x8010;&#x5FC3;&#x3001;&#x89C0;&#x5BDF;&#x548C;&#x5C0B;&#x627E;&#x7684;&#x91CD;&#x8981;&#x6027;&#x3002;&#x6700;&#x7D42;&#xFF0C;&#x7259;&#x7259;&#x901A;&#x904E;&#x52AA;&#x529B;&#x627E;&#x5230;&#x4E86;&#x8774;&#x8776;&#xFF0C;&#x5B78;&#x6703;&#x4E86;&#x73CD;&#x60DC;&#x548C;&#x6B23;&#x8CDE;&#x81EA;&#x7136;&#x8207;&#x65B0;&#x670B;&#x53CB;&#x7684;&#x7F8E;&#x597D;&#x3002;&#x6545;&#x4E8B;&#x6587;&#x5B57;&#x7C21;&#x6F54;&#x3001;&#x63D2;&#x5716;&#x751F;&#x52D5;&#xFF0C;&#x5F88;&#x9069;&#x5408;&#x5B78;&#x7FD2;&#x95B1;&#x8B80;&#x3002;

&#xFF08;&#x8A3B;&#xFF1A;&#x4E0D;&#x540C;&#x7248;&#x672C;&#x53EF;&#x80FD;&#x6703;&#x7A0D;&#x6709;&#x5DEE;&#x7570;&#xFF0C;&#x4F46;&#x5927;&#x81F4;&#x67B6;&#x69CB;&#x570D;&#x7E5E;&#x300C;&#x7259;&#x7259;&#x627E;&#x8774;&#x8776;&#x3001;&#x904E;&#x7A0B;&#x4E2D;&#x7684;&#x7D93;&#x6B77;&#x8207;&#x6536;&#x7A6B;&#x300D;&#x3002;&#xFF09;</subfield>
  </datafield>
  <datafield tag="700" ind1=" " ind2=" ">
    <subfield code="a">&#x4F5F;&#x4E1C;</subfield>
  </datafield>
  <datafield tag="942" ind1=" " ind2=" ">
    <subfield code="2">ddc</subfield>
    <subfield code="c">BOOK</subfield>
    <subfield code="n">0</subfield>
  </datafield>
  <datafield tag="999" ind1=" " ind2=" ">
    <subfield code="c">10093</subfield>
    <subfield code="d">10093</subfield>
  </datafield>
  <datafield tag="952" ind1=" " ind2=" ">
    <subfield code="0">0</subfield>
    <subfield code="1">0</subfield>
    <subfield code="2">ddc</subfield>
    <subfield code="4">0</subfield>
    <subfield code="7">0</subfield>
    <subfield code="8">REF</subfield>
    <subfield code="a">002</subfield>
    <subfield code="b">002</subfield>
    <subfield code="c">LSHTTP</subfield>
    <subfield code="d">2026-04-08</subfield>
    <subfield code="l">0</subfield>
    <subfield code="o">&#x5B59;&#x84D3; 599</subfield>
    <subfield code="p">2026-0464</subfield>
    <subfield code="r">2026-04-08 09:46:00</subfield>
    <subfield code="w">2026-04-08</subfield>
    <subfield code="y">BOOK</subfield>
  </datafield>
</record>
